Name A Valid Flag by Color - Statistics

General Stats
  • This quiz has been taken 32 times
    25 since last reset
  • The average score is 14 of 48
Answer Stats
Hint Answer % Correct
Red and white Austria | Bahrain | Canada | Denmark | Georgia | Indonesia | Japan | Latvia | Monaco | Peru | Poland | Qatar | Singapore | Switzerland | Tonga | Tunisia | Turkey
100%
Red, white, and blue Australia | Cambodia | Chile | Cuba | Czech Republic | France | Iceland | Laos | Liberia | Luxembourg | Netherlands | New Zealand | North Korea | Norway | Panama | Russia | Samoa | Slovakia | Slovenia | Taiwan | Thailand | United Kingdom | United States of America
76%
Red, white, and green Algeria | Belarus | Bulgaria | Burundi | Hungary | Iran | Italy | Lebanon | Madagascar | Maldives | Oman
71%
Red and yellow China | Kyrgyzstan | North Macedonia | Vietnam
71%
Blue and white Federated States of Micronesia | Finland | Greece | Honduras | Israel | Somalia
71%
Red, yellow, and black Angola | Belgium | Germany
67%
Blue and yellow Barbados | Kazakhstan | Palau | Sweden | Ukraine
67%
Green, white, and orange Côte d’Ivoire | Cyprus | Ireland | Niger
67%
Red, yellow, and blue Chad | Colombia | Democratic Republic of Congo | Mongolia | Romania
62%
Green and white Nigeria | Pakistan | Saudi Arabia
62%
Black and white Afghanistan
57%
Red, yellow, and green Benin | Bolivia | Burkina Faso | Cameroon | Grenada | Guinea | Lithuania | Mali | Mauritania | Republic of the Congo | Senegal
57%
Red, white, and black Malta | Trinidad and Tobago | Yemen
57%
White, blue, and black Botswana | Estonia
52%
Red and black Albania
48%
Green, white, and blue Sierra Leone
48%
Green and red Bangladesh | Morocco
43%
Blue, white, and yellow Bosnia and Herzegovina | Kosovo | Nauru
29%
Green, yellow, and blue Gabon | Rwanda | Saint Vincent and the Grenadines
29%
Green, yellow, and black Jamaica
29%
Blue, white, and orange Marshall Islands
29%
Orange, blue, and red Armenia
24%
Aqua, yellow, and black Bahamas
24%
Green, black, and red Malawi
24%
Green, blue, white, and yellow Brazil | Solomon Islands
14%
Red, yellow, white, green, black, and blue Paraguay | Portugal | South Africa | South Sudan
14%
Blue, white, yellow, and black Argentina | Saint Lucia | Uruguay
10%
Blue, white, green, and red Azerbaijan | Djibouti | Gambia | Uzbekistan
10%
Green, red, yellow, white, black, purple, and brown Dominica
10%
Green, white, orange, and blue India
10%
Red, white, blue, and black South Korea
10%
Maroon, orange, green, yellow, black Sri Lanka
10%
Black, yellow, red, white, and gray Uganda | Vatican City
10%
Green, red, orange, and black Zambia
10%
Blue, white, red, yellow, and black Antigua and Barbuda | Eswatini | Kiribati | Serbia
5%
White, yellow, orange, and black Bhutan
5%
Red, white, black, and yellow Brunei | Egypt | Papua New Guinea | Timor-Leste
5%
Blue, white, red, and yellow Cape Verde | Croatia | Malaysia | Philippines | Venezuela
5%
Green, white, red, yellow, and blue Central African Republic | Comoros | Namibia | Seychelles
5%
Green, yellow, red, and blue Eritrea | Ethiopia | Mauritius
5%
Green, yellow, red, and black Ghana | Guinea-Bissau | São Tomé and Principe | Vanuatu
5%
Green, white, red, yellow, and black Guyana | Saint Kitts and Nevis | Zimbabwe
5%
Green, white, red, and black Iraq | Jordan | Kenya | Kuwait | Libya | Palestine | Sudan | Syria | United Arab Emirates
5%
Green, white, blue, and black Lesotho
5%
Blue, red, yellow, and black Liechtenstein
5%
Teal, white, red, yellow, and black Mozambique
5%
Green, yellow, red, and white Myanmar | Suriname | Tajikistan | Togo | Turkmenistan
5%
Green, yellow, blue, and black Tanzania
5%
No matching quizzes found
Score Distribution
Percent of People with Each Score
Percentile by Number Answered
Your Score History
You have not taken this quiz since the last reset